[Event "NZ Junior Championship 2017"]
[Site "Auckland NZL"]
[Date "2017.07.11"]
[Round "1"]
[White "Gong, Daniel Hanwen"]
[Black "Li, Leo Xiang Yu"]
[Result "1-0"]
[WhiteElo "2287"]
[BlackElo "1236"]
[PlyCount "55"]
[EventDate "2017.07.11"]

1. e4 e5 2. Nf3 Nc6 3. Bb5 a6 4. Ba4 b5 5. Bb3 Bc5 6. c3 Bb7 7. O-O Nf6 8. d4
Bb6 9. d5 Ne7 10. Bc2 O-O 11. Nxe5 Re8 12. Bg5 Nexd5 13. Nxf7 Kxf7 14. exd5 Re5
15. Bf4 Rxd5 16. Bb3 Qe7 17. Nd2 c5 18. Bxd5+ Bxd5 19. Nf3 Kg8 20. Bg5 h6 21.
Bxf6 Qxf6 22. Qxd5+ Kh7 23. Qxa8 Bd8 24. Rae1 a5 25. Re8 Bb6 26. Rh8+ Kg6 27.
Qe4+ Kf7 28. Qe8# 1-0

[Event "NZ Junior Championship 2017"]
[Site "Auckland NZL"]
[Date "2017.07.11"]
[Round "1"]
[White "Lal, Krystal"]
[Black "Fan, Allen Chi Zhou"]
[Result "0-1"]
[WhiteElo "1235"]
[BlackElo "2057"]
[PlyCount "66"]
[EventDate "2017.07.11"]

1. e4 Nf6 2. Nc3 d5 3. exd5 Nxd5 4. Nxd5 Qxd5 5. Nf3 Bg4 6. Be2 Nc6 7. h3 Bh5
8. g4 Bg6 9. d3 e5 10. Bg5 f6 11. Be3 O-O-O 12. a3 Be7 13. Qd2 h5 14. O-O-O
hxg4 15. hxg4 Qa2 16. Qc3 Rxh1 17. Rxh1 Qa1+ 18. Kd2 Qxh1 19. b4 Qb1 20. Bc5
Bxc5 21. Qxc5 e4 22. Ne1 exd3 23. Nxd3 Qa2 24. b5 Ne5 25. Qe3 Nc4+ 26. Ke1 Nxe3
27. fxe3 Qxc2 28. Nf4 Qd2+ 29. Kf2 Re8 30. Nxg6 Qxe3+ 31. Kg2 Qxe2+ 32. Kh3
Re3+ 33. Kh4 Qh2# 0-1

[Event "NZ Junior Championship 2017"]
[Site "Auckland NZL"]
[Date "2017.07.11"]
[Round "1"]
[White "Ang, Alphaeus Wei Ern"]
[Black "Zhang, Toby"]
[Result "1-0"]
[WhiteElo "2005"]
[BlackElo "1235"]
[PlyCount "37"]
[EventDate "2017.07.11"]

1. d4 Nf6 2. c4 g6 3. Nc3 Bg7 4. e4 d6 5. Be2 O-O 6. Be3 e5 7. d5 Nbd7 8. g4
Ne8 9. Nf3 f5 10. gxf5 gxf5 11. exf5 Rxf5 12. Rg1 Rf7 13. Ng5 Qe7 14. Nxf7 Qxf7
15. Bh5 Qf8 16. Bxe8 Qxe8 17. Bh6 Nf6 18. Rxg7+ Kh8 19. Qf3 1-0

[Event "NZ Junior Championship 2017"]
[Site "Auckland NZL"]
[Date "2017.07.11"]
[Round "1"]
[White "Barry, Jacob"]
[Black "Picken, Oliver"]
[Result "0-1"]
[WhiteElo "1204"]
[BlackElo "1878"]
[PlyCount "56"]
[EventDate "2017.07.11"]

1. e4 d5 2. exd5 c6 3. d6 exd6 4. c4 d5 5. Nc3 d4 6. Nce2 d3 7. Nf3 dxe2 8.
Bxe2 Nf6 9. d4 Bb4+ 10. Bd2 Bxd2+ 11. Qxd2 O-O 12. O-O Bg4 13. Rad1 Qe7 14.
Rfe1 Qd6 15. Ne5 Bxe2 16. Qxe2 Nbd7 17. Qf3 Qb4 18. b3 Rae8 19. Kf1 Qa5 20.
Nxd7 Nxd7 21. Re2 Rxe2 22. Qxe2 Nf6 23. Re1 h6 24. Qb2 Qh5 25. h3 Re8 26. Rxe8+
Nxe8 27. Kg1 Nf6 28. Qa3 Qd1+ 0-1

[Event "NZ Junior Championship 2017"]
[Site "Auckland NZL"]
[Date "2017.07.11"]
[Round "1"]
[White "Meng, Richard"]
[Black "Han, Allan"]
[Result "1-0"]
[WhiteElo "1646"]
[BlackElo "1201"]
[PlyCount "73"]
[EventDate "2017.07.11"]

1. c4 e5 2. Nc3 f5 3. g3 Nf6 4. Bg2 Nc6 5. d3 d6 6. Nf3 Bd7 7. O-O h6 8. Nh4 g5
9. Ng6 Rg8 10. Nxf8 Rxf8 11. Nd5 Rg8 12. e3 Rg6 13. f4 Nxd5 14. cxd5 Nb4 15. a3
Na6 16. Qh5 Qf6 17. fxe5 dxe5 18. g4 f4 19. Be4 O-O-O 20. Qxg6 Qxg6 21. Bxg6
Bxg4 22. d4 f3 23. h3 Bxh3 24. Rxf3 g4 25. Rf5 Rxd5 26. Rxe5 Rd6 27. Bf5+ Kd8
28. Re6 Rd5 29. e4 Rxd4 30. Bxh6 Nc5 31. Bg5+ Kd7 32. Rh6+ Ke8 33. Rh8+ Kf7 34.
Rh7+ Ke8 35. Bg6+ Kf8 36. Bf6 Nxe4 37. Rh8# 1-0

[Event "NZ Junior Championship 2017"]
[Site "Auckland NZL"]
[Date "2017.07.11"]
[Round "1"]
[White "Ong, Weng Yan"]
[Black "Wang, Aaron Ziwen"]
[Result "0-1"]
[WhiteElo "1158"]
[BlackElo "1602"]
[PlyCount "70"]
[EventDate "2017.07.11"]

1. e4 c5 2. Nf3 d6 3. d4 cxd4 4. Nxd4 Nf6 5. Nc3 a6 6. Bg5 e6 7. Bc4 Be7 8. O-O
b5 9. Bd3 Bb7 10. Re1 O-O 11. Qf3 Nbd7 12. Qg3 Nh5 13. Bxe7 Qxe7 14. Qf3 Qg5
15. Be2 Nf4 16. Qg4 Nxe2+ 17. Qxe2 Rac8 18. Nf3 Qg6 19. Rad1 Rc6 20. Qd3 Nc5
21. Qd2 b4 22. Ne2 a5 23. e5 Ne4 24. Qd3 Ba6 25. Qd4 d5 26. Nf4 Qf5 27. Qe3 Rc4
28. h3 Nxf2 29. Qxf2 Qxf4 30. Qb6 Ra8 31. Qxa5 Rxc2 32. Rd4 Qg3 33. Rg4 Rxg2+
34. Kh1 Qxh3+ 35. Nh2 Qxh2# 0-1

[Event "NZ Junior Championship 2017"]
[Site "Auckland NZL"]
[Date "2017.07.11"]
[Round "1"]
[White "Liu, Xinyang"]
[Black "Malton, Isabella"]
[Result "0-1"]
[WhiteElo "1511"]
[BlackElo "1139"]
[PlyCount "92"]
[EventDate "2017.07.11"]

1. e4 e6 2. d4 d5 3. e5 c5 4. c3 Nc6 5. Nf3 Qb6 6. Bd3 Bd7 7. Be2 Nge7 8. dxc5
Qxc5 9. Be3 Qa5 10. Bd3 Qc7 11. Bd4 Nxd4 12. cxd4 Nc6 13. Bc2 Be7 14. Nc3 O-O
15. O-O h6 16. a3 Rad8 17. h4 Rfe8 18. Qd3 f5 19. exf6 Bxf6 20. Qh7+ Kf7 21.
Bg6+ Ke7 22. Bxe8 Bxe8 23. Rfe1 Bf7 24. Qf5 Kf8 25. Qd3 e5 26. dxe5 Nxe5 27.
Nxe5 Bxe5 28. Nb5 Qb8 29. Nd4 Bf6 30. g3 Qc8 31. Rac1 Qh3 32. Qf5 Qxf5 33. Nxf5
Bxb2 34. Rc7 Bxa3 35. Rxb7 a5 36. Rd1 Bc5 37. Rb5 Bb4 38. Ne3 d4 39. Nc2 Bc3
40. Rc5 Ke8 41. f4 Bb3 42. Rc1 Bd2 43. Rd1 Bc3 44. Rc1 Kf8 45. Kf1 Re8 46. Rb5
Bc4+ 0-1

[Event "NZ Junior Championship 2017"]
[Site "Auckland NZL"]
[Date "2017.07.11"]
[Round "1"]
[White "Xie, Felix"]
[Black "Steadman, Mathew"]
[Result "0-1"]
[WhiteElo "1049"]
[BlackElo "1500"]
[PlyCount "96"]
[EventDate "2017.07.11"]

1. e4 d5 2. exd5 Qxd5 3. Nc3 Qd6 4. d3 Nf6 5. h3 Bf5 6. Nf3 c6 7. Bg5 Nbd7 8.
Be2 Qc7 9. Qd2 e6 10. Bf4 Bd6 11. Bxd6 Qxd6 12. g4 Bg6 13. g5 Nd5 14. Ne4 Qc7
15. c4 Ne7 16. Ng3 Nf5 17. Nxf5 Bxf5 18. Nd4 Bg6 19. h4 h5 20. f4 O-O-O 21. Rc1
Nc5 22. Nf3 Bxd3 23. Ne5 Bxe2 24. Qxe2 f6 25. b4 fxe5 26. bxc5 Qa5+ 27. Kf1
Qxc5 28. Qxe5 Qxe5 29. fxe5 Rhf8+ 30. Kg2 Rd2+ 31. Kg3 Rxa2 32. Rhd1 Rd8 33.
Rxd8+ Kxd8 34. Rd1+ Ke7 35. Rf1 Ra4 36. Rf4 b5 37. cxb5 Rxf4 38. Kxf4 cxb5 39.
Ke3 a5 40. Kd3 b4 41. Kc2 a4 42. Kb2 b3 43. Ka3 Kd7 44. Kb2 Kc6 45. Kb1 a3 46.
Ka1 b2+ 47. Kb1 Kd5 48. Ka2 Kxe5 0-1

[Event "NZ Junior Championship 2017"]
[Site "Auckland NZL"]
[Date "2017.07.11"]
[Round "1"]
[White "Stannard, Bobby"]
[Black "Xiao, Kelvin"]
[Result "1/2-1/2"]
[WhiteElo "1481"]
[BlackElo "975"]
[PlyCount "51"]
[EventDate "2017.07.11"]

1. e4 e6 2. d4 d5 3. e5 c5 4. c3 Nc6 5. Nf3 Bd7 6. b3 Qc7 7. Bb2 b6 8. Bb5 Nxe5
9. Nxe5 Bxb5 10. Qf3 Nf6 11. c4 Bc6 12. O-O Bd6 13. Nxc6 Qxc6 14. Nd2 Be7 15.
Rad1 O-O 16. dxc5 Qxc5 17. Bxf6 Bxf6 18. cxd5 exd5 19. Nb1 Rad8 20. Rd3 d4 21.
a3 a5 22. Rfd1 Rfe8 23. g3 h6 24. a4 b5 25. Nd2 bxa4 26. Ne4 1/2-1/2

[Event "NZ Junior Championship 2017"]
[Site "Auckland NZL"]
[Date "2017.07.11"]
[Round "1"]
[White "Deng, Abraham"]
[Black "Qin, Nicole Shu Yu"]
[Result "0-1"]
[WhiteElo "954"]
[BlackElo "1475"]
[PlyCount "80"]
[EventDate "2017.07.11"]

1. e4 e6 2. d4 d5 3. Nc3 Bb4 4. Bd3 Ne7 5. Nge2 c5 6. a3 Bxc3+ 7. bxc3 c4 8.
Bxc4 dxc4 9. O-O Nbc6 10. Bf4 O-O 11. h3 Ng6 12. Bh2 b6 13. f4 Nce7 14. g4 f5
15. Ng3 fxe4 16. Nxe4 Nd5 17. Qd2 a6 18. Rae1 Ra7 19. Rf2 Nf6 20. Ng5 Qd5 21.
Qe2 Re7 22. Rb1 h6 23. Nf3 Ne4 24. Rxb6 Nxf2 25. Qxf2 Bb7 26. Kg2 Nh4+ 27. Kg3
Nxf3 28. Rxb7 Ng5 29. Rxe7 Ne4+ 30. Kg2 Nxf2+ 31. Kxf2 Qe4 32. f5 Qxc2+ 33. Kg1
exf5 34. gxf5 Rxf5 35. Re8+ Kh7 36. Bg3 Rg5 37. Re3 Qd2 38. Rf3 Qe2 39. Rf4
Rxg3+ 40. Kh1 Qg2# 0-1

[Event "NZ Junior Championship 2017"]
[Site "Auckland NZL"]
[Date "2017.07.11"]
[Round "1"]
[White "Jain, Uday"]
[Black "Fu, Tom"]
[Result "0-1"]
[WhiteElo "1474"]
[BlackElo "951"]
[PlyCount "48"]
[EventDate "2017.07.11"]

1. e4 e6 2. d4 c5 3. c3 d5 4. e5 Nc6 5. Nf3 Qb6 6. Be3 cxd4 7. cxd4 Qxb2 8.
Nbd2 Bb4 9. a4 Bxd2+ 10. Qxd2 Qxa1+ 11. Qd1 Qxd1+ 12. Kxd1 Nge7 13. Bb5 O-O 14.
Ke2 Bd7 15. Bxc6 Bxc6 16. Ra1 Rac8 17. Bd2 h6 18. Bb4 Rfe8 19. Nd2 Nf5 20. Nb3
Bd7 21. g4 Nxd4+ 22. Nxd4 Rc4 23. Nxe6 Rxe6 24. Rb1 Rb6 0-1

[Event "NZ Junior Championship 2017"]
[Site "Auckland NZL"]
[Date "2017.07.11"]
[Round "1"]
[White "McDougall, Sylvia"]
[Black "Qin, Oscar Shu Xuan"]
[Result "1/2-1/2"]
[WhiteElo "939"]
[BlackElo "1464"]
[PlyCount "88"]
[EventDate "2017.07.11"]

1. e4 e5 2. Nf3 Nc6 3. Nc3 Nf6 4. Bb5 Nd4 5. Nxe5 Nxb5 6. Nxb5 c6 7. Nc3 d6 8.
Nf3 Qc7 9. d4 Bg4 10. Bf4 O-O-O 11. e5 dxe5 12. Bxe5 Bd6 13. Bxd6 Qxd6 14. O-O
h5 15. h3 Bxf3 16. Qxf3 Qxd4 17. Rad1 Qb6 18. Rxd8+ Rxd8 19. Na4 Qb5 20. b3 Qg5
21. Rd1 Rd5 22. Rxd5 Qxd5 23. Qe3 Qd1+ 24. Kh2 Qd6+ 25. g3 Nd5 26. Qxa7 Qb8 27.
Nb6+ Nxb6 28. Qxb6 h4 29. Qd4 hxg3+ 30. fxg3 g6 31. Qf6 Qc7 32. h4 Qd7 33. Qh8+
Kc7 34. h5 Qd2+ 35. Kh3 Qg5 36. h6 Qh5+ 37. Kg2 Qe2+ 38. Kh3 Qh5+ 39. Kg2 Qe2+
40. Kg1 Qe1+ 41. Kh2 Qe2+ 42. Kh1 Qf1+ 43. Kh2 Qe2+ 44. Kh3 Qh5+ 1/2-1/2

[Event "NZ Junior Championship 2017"]
[Site "Auckland NZL"]
[Date "2017.07.11"]
[Round "1"]
[White "Gao, Hugh"]
[Black "Hu, Erica Yue"]
[Result "1-0"]
[WhiteElo "1414"]
[BlackElo "930"]
[PlyCount "73"]
[EventDate "2017.07.11"]

1. e4 e6 2. d4 d5 3. exd5 exd5 4. c4 c6 5. h3 Nf6 6. Nc3 Be6 7. cxd5 cxd5 8.
Nf3 a6 9. Bd3 Bd6 10. Bg5 Nbd7 11. O-O O-O 12. Re1 Qc7 13. Qb3 Rab8 14. Rac1
Qa5 15. a3 Nh5 16. Qc2 g6 17. Qd2 Rfe8 18. Ne5 Bxe5 19. dxe5 d4 20. Ne4 Qd5 21.
g4 Nxe5 22. Qe2 f5 23. Rc5 Qb3 24. Rxe5 fxe4 25. Rxe4 Ng7 26. Bf6 Bd5 27. Re5
Ne6 28. Rxd5 Qxd5 29. Bc4 d3 30. Qxe6+ Qxe6 31. Bxe6+ Rxe6 32. Rxe6 Kf7 33. Rd6
d2 34. Bg5 Re8 35. Rxd2 Re5 36. Be3 Kf6 37. Bd4 1-0

[Event "NZ Junior Championship 2017"]
[Site "Auckland NZL"]
[Date "2017.07.11"]
[Round "1"]
[White "Zhang, Kendrick"]
[Black "Li, Andrew"]
[Result "0-1"]
[WhiteElo "922"]
[BlackElo "1388"]
[PlyCount "60"]
[EventDate "2017.07.11"]

1. e4 e5 2. Nf3 Nc6 3. Bc4 Nf6 4. d3 Bc5 5. Nc3 O-O 6. Bg5 h6 7. Be3 Bxe3 8.
fxe3 d6 9. h3 Be6 10. Bxe6 fxe6 11. O-O d5 12. Ne2 dxe4 13. dxe4 Nxe4 14. Qe1
Qe7 15. Ng3 Nxg3 16. Qxg3 e4 17. Nh4 Qg5 18. Qe1 Rxf1+ 19. Kxf1 Rf8+ 20. Kg1
Ne5 21. Rd1 Nc4 22. Rd4 Nxe3 23. Rxe4 Rf1+ 24. Qxf1 Nxf1 25. Rd4 Qc1 26. Kf2
Ne3 27. Re4 Qd2+ 28. Kf3 Nxc2 29. Kg3 Ne3 30. Kf3 Nf5 0-1

[Event "NZ Junior Championship 2017"]
[Site "Auckland NZL"]
[Date "2017.07.11"]
[Round "1"]
[White "Liu, John"]
[Black "Yu, Jeffrey"]
[Result "1-0"]
[WhiteElo "1385"]
[BlackElo "740"]
[PlyCount "65"]
[EventDate "2017.07.11"]

1. e4 e5 2. Nf3 Nc6 3. Bc4 Be7 4. Nc3 Nf6 5. d3 O-O 6. O-O d6 7. h3 h6 8. Be3
Bd7 9. Re1 Qc8 10. Kh2 Be6 11. Bb5 Qd7 12. d4 a6 13. Bxc6 bxc6 14. dxe5 dxe5
15. Qxd7 Nxd7 16. Rad1 Rfd8 17. Kg1 Nb6 18. Nxe5 f6 19. Nxc6 Rxd1 20. Rxd1 Bd6
21. Bxb6 Bf8 22. Be3 Bf7 23. Rd8 Rxd8 24. Nxd8 Bb4 25. Nxf7 Kxf7 26. Kf1 Ke6
27. Ke2 Kd6 28. Kd3 Kc6 29. Kc4 Bd6 30. Nd5 Be5 31. Bd4 Bd6 32. Ne3 Kd7 33. Nf5
1-0